| 000 | 00697nam a2200217 a 4500 | ||
|---|---|---|---|
| 005 | 20210223124915.0 | ||
| 008 | 030429s2002 es r 000 0 spa d | ||
| 020 | _a8436816277 | ||
| 035 | _aUPN01000123838 | ||
| 049 | _aCG | ||
| 050 | 4 |
_aRF510 _bR5.8 |
|
| 100 | 1 | _aRivas Torres, Rosa María | |
| 245 | 1 | 3 |
_aLa voz y las disfonías disfuncionales : _bprevención y tratamiento / _cRosa María Rivas Torres, María José Fiuza Asorey. |
| 260 |
_aMadrid : _bPirámide, _cc2002. |
||
| 300 | _a141 p. | ||
| 440 | 0 | _aPsicología | |
| 650 | 4 |
_aTRASTORNOS DE LA VOZ _913073 |
|
| 650 | 4 |
_aTRASTORNOS DE LA VOZ - _xTRATAMIENTO _913074 |
|
| 700 | 1 |
_aFiuza Asorey, María José, _ecoaut. |
|
| 905 | _aLibro | ||
| 999 |
_c96017 _d96017 |
||